000 00656nam a2200205 i 4500
003 IT-RoINE
005 20191004101016.0
008 191004s1983 sp |||||r|||| 001 | spa d
110 2 _926399
_aCarmelitas de la Caridad
245 1 0 _aConstituciones /
_c Hermanas Carmelitas de la Caridad de Vedruna.
260 _aVitoria-Gasteiz,
_bEditorial Vedruna,
_c1983.
300 _a135 p. ;
_c18 cm.
336 _2rdacontent
_atext
337 _2rdamedia
_aunmediated
338 _2rdacarrier
_avolume
500 _aIncluye índices.
610 2 4 _aCarmelitas de la Caridad
_xReglas
_963118
650 4 _98293
_aMonacato y órdenes religiosas
_xReglas
942 _cMTS
999 _c32179
_d32179